Harrison. Principios de Medicina Interna. (Registro nro. 2832)

Detalles MARC
000 -LEADER
fixed length control field 01877nam a2200433 a 4500
008 - CAMPO DE CONTROL (LIBRO)
fixed length control field 181120s2016 mx ||||fr|||| 001 0 spa d
020 ## - INTERNATIONAL STANDARD BOOK NUMBER
ISBN 9786071513366
041 ## - CODIGO DE IDIOMA
Código de idioma del texto/pista de sonido o título separado spa
092 ## - SIGNATURA TOPOGRAFICA DEWEY LOCAL
número de clasificación 616
libristica 32
sección HAR
245 ## - TITULO PROPIAMENTE DICHO
Título Harrison. Principios de Medicina Interna.
Subtítulo y Título paralelo Vol.1 /
Mención de responsabilidad y remanente de la transcripción de la portada Dennis L. kasper
250 ## - MENCION DE EDICION
Mención de edición 19a ed.
Mención de responsabilidad relacionada con la ed. Traducción Martha Elena Araiza Martinez ; José Rafael Blengio Pinto ; Ana Maria Pérez Tamayo ; Saúl Lira Albarrán ; Héctor Barrera Villavicencio y Patricia Talamás Rhoana.
260 ## - PIE DE IMPRENTA
Lugar de publicación, distribución, etc México:
Nombre de la editorial, distribuidor, etc McGraw Hill Interamericana;
Fecha de publicación 2016.
300 ## - DESCRIPCION FISICA
Extension 1-465 p.
500 ## - NOTA GENERAL
Nota general Kasper, D. L. (Ed.). et al. (2016). Harrison. Principios de medicina interna. Vol.1 (19a ed.). México : McGraw-Hill Interamericana.
590 ## - NOTAS LOCALES (RLIN)
Nota local Compra Noviembre 2018. Fac. de Medicina.
653 ## - TÉRMINO INDIZADO - PALABRAS CLAVES
Palabra clave Generalidades de la medicina clinica
653 ## - TÉRMINO INDIZADO - PALABRAS CLAVES
Palabra clave Manifestaciones cardinales y presentacion de enfermedades
653 ## - TÉRMINO INDIZADO - PALABRAS CLAVES
Palabra clave Dolor
653 ## - TÉRMINO INDIZADO - PALABRAS CLAVES
Palabra clave Alteraciones de la temperatura corporal
653 ## - TÉRMINO INDIZADO - PALABRAS CLAVES
Palabra clave Disfunción del sistema nervioso
653 ## - TÉRMINO INDIZADO - PALABRAS CLAVES
Palabra clave Trastornos del ojos, oído, nariz y faringe.
653 ## - TÉRMINO INDIZADO - PALABRAS CLAVES
Palabra clave Alteraciones en las funciones circulatoria y respiratoria
653 ## - TÉRMINO INDIZADO - PALABRAS CLAVES
Palabra clave Alteraciones en la función gastrointestinal
653 ## - TÉRMINO INDIZADO - PALABRAS CLAVES
Palabra clave Alteraciones en la función renal y de las vías urinarias
653 ## - TÉRMINO INDIZADO - PALABRAS CLAVES
Palabra clave Alteraciones en la función sexual y la reproducción
653 ## - TÉRMINO INDIZADO - PALABRAS CLAVES
Palabra clave Transtornos en la piel
653 ## - TÉRMINO INDIZADO - PALABRAS CLAVES
Palabra clave Transtornos hematológicos
653 ## - TÉRMINO INDIZADO - PALABRAS CLAVES
Palabra clave Genes el medioambiente y las enfermedades
653 ## - TÉRMINO INDIZADO - PALABRAS CLAVES
Palabra clave Medicina regenerativa
653 ## - TÉRMINO INDIZADO - PALABRAS CLAVES
Palabra clave Envejecimiento
653 ## - TÉRMINO INDIZADO - PALABRAS CLAVES
Palabra clave Nutrición y pérdida de peso
700 1# - ENTRADAS SECUNDARIAS - NOMBRE PERSONAL
Nombre personal Kasper, Dennis L.
9 (RLIN) 3987
700 1# - ENTRADAS SECUNDARIAS - NOMBRE PERSONAL
Nombre personal Hauser, Stephen L.
9 (RLIN) 820
700 1# - ENTRADAS SECUNDARIAS - NOMBRE PERSONAL
Nombre personal Jameson, J.Larry
9 (RLIN) 817
700 1# - ENTRADAS SECUNDARIAS - NOMBRE PERSONAL
Nombre personal Fauci, Anthony S.
9 (RLIN) 821
700 1# - ENTRADAS SECUNDARIAS - NOMBRE PERSONAL
Nombre personal Longo, Dan L.
9 (RLIN) 819
700 1# - ENTRADAS SECUNDARIAS - NOMBRE PERSONAL
Nombre personal Loscalzo, Joseph
9 (RLIN) 745
942 ## - ADDED ENTRY ELEMENTS (KOHA)
Source of classification or shelving scheme Dewey Decimal Classification
Item type Libros
Existencias
Estado de retiro Existencia Fuente de clasificación Estado general No para prestamo Ubicación permanente ubicación actual Sala de ubicación Fecha de adquisición Total Checkouts Número de clasificación Código de barras Date last seen Date last borrowed Número de ejemplar Price effective from Koha tipo de elemento (item) Public note
    Dewey Decimal Classification     Biblioteca Medicina Biblioteca Medicina Circulación 20/11/2018 2 616 32 HAR 4357 13/03/2020 18/12/2019 Ej. 8 20/11/2018 Libros Compra Noviembre 2018. Fac. de Medicina.

UNIVERSIDAD NACIONAL DEL COMAHUE
Biblioteca de la Facultad de Ciencias Médicas
Sede Toschi: Los Arrayanes y Av. Toschi, Cipolletti  - Rio Negro
Sede Los Tordos:  Yrigoyen al 2211, Cipolletti - Rio Negro 

Teléfono: 0299 - 4774707 int 25
Contacto: biblioteca@facimed.uncoma.edu.ar
© 2011 - 2026